01178nam a2200265 a 450000500170000000800410001701000170005802000260007503500170010103700080011804000170012608200120014310000190015524501810017424600830035526000300043827000560046830000300052444000510055452001930060565000520079865000210085070000240087170000170089520091210101349.0080509s2008 ctua j 000 0 eng  aB-379828-846 a9789380283692c295.00 aB-379828-846 bUBH adplbEnglish a158.128 aCanfield, Jack aChicken soup for the soul :bpreteens talk : inspiration and support for preteens from kids just like them /cby Jack Canfield [and] Mark Victor Hansen ; edited by Amy Newmark. aPreteens talk :binspiration and support for preteens from kids just like them aNew DelhibWestlandc2009 a47, Brij Mohan Road, Daryaganj,bNew Delhi e110002 axii, 360 p. c22 cm(pbk)  aChicken soup for the soul our 101 best stories aCollects stories from boys and girls between the ages of nine and thirteen, discussing such topics as friendship, embarrassing situations, family life, popularity, and making a difference. aPreteensxConduct of lifevJuvenile literature. aConduct of life. aHansen, Mark Victor aNewmark, Amy